000 00495nam a2200193Ia 4500
005 20260429112228.0
008 260429s9999||||xx |||||||||||||| ||und||
020 _a9789380191027
041 _aEnglish
082 _a333.7923
_bTAN
100 _aTaneja, Rajeev
245 0 _aSolar energy and its uses /
_cRajeev Taneja
260 _aNew Delhi :
_bPearl Books,
_c2024.
300 _a296 p.; hb
650 _a Renewable energy
650 _a Solar energy
650 _aEnergy
942 _cTB
999 _c53007
_d53007